| 000 | 00656nam a2200193 a 4500 | ||
|---|---|---|---|
| 001 | BRCA_896 | ||
| 005 | 20190320203210.0 | ||
| 008 | 031105r1992----mx-a---###---#000-0#spa-d | ||
| 050 | 4 |
_aNK7300 _b.T36 1992 |
|
| 245 | 1 | 0 |
_aTANE Orfebres _cdiseño Alfonso Soto Soria y Pedro Leites ; fotografía Michel Zabé. |
| 260 |
_aMéxico _bTurmex _c1992 |
||
| 300 |
_a1v. (sin paginación) _bil. _c32 cm. |
||
| 500 | _aCatálogo dividido en : joyería de plata, joyería de oro y orfebrería | ||
| 650 | 1 | 4 |
_aOrfebrería _vCatálogo _zMéxico _92982 |
| 700 | 1 |
_aSoto Soria, Alfonso _92983 |
|
| 700 | 1 |
_aLeites, Pedro _92984 |
|
| 700 | 1 |
_aZabé, Michel _938 |
|
| 942 |
_2lcc _cB |
||
| 999 |
_c790 _d790 |
||